Регионална библиотека "Любен Каравелов" - Русе

Нормален изглед MARC изглед
  • Попхристов, Руско Гавраилов

Вход 01. Лично име

Брой записи, използвани в: 0

001 - Контролен номер на записа

  • Контролно поле: 492148

003 - Код на организацията, даваща контролен номер

  • Контролно поле: BLK

005 - Дата и час на последна промяна на записа

  • Контролно поле: 20240412141316.0

008 - Данни с фиксирана дължина – обща информация

  • Данни с фиксирана дължина : 240412|| aca||aabn | a|a d

100 ## - ИМЕ НА ЛИЦЕ -ПЪРВИЧНА ИНТЕЛЕКТУАЛНА ОТГОВОРНОСТ

  • Лично име: Попхристов, Руско Гавраилов
  • Дати, свързани с автора: 1888 - 1952
  • Друга информация: Адвокат и общественик, деец на социалдемократическото и комунистическото движение. Кмет на Русенската комуна (1921 г.) и отечественофронтовски кмет на Русе (1944 - 1945 г.)

942 ## - Системна служебна употреба

  • Koha auth type: PERSO_NAME
Vip Innovations Ltd, Rousse, Bulgaria 2025